BARDZO trudny egzamin o piłce nożnej - Statystyki

Ogólne statystyki
  • Ten quiz został rozwiązany 63 razy
  • Średni wynik to 5 z 15
Statystyki odpowiedzi
Zagadnienie Odpowiedź % Poprawnych
Kto wygral ligę mistrzów w 2024 Real Madryt
81%
Kto strzelił pierwszą bramkę na Santiago Bernabeu Francisco Geto
55%
Ile lat miał Cristiano Ronaldo gdy Barcelona wygrała swoją ostatnia ligę mistrzów 30
40%
Jaki klub wykonał pierwszy transfer Notts County
40%
Kto pierwszy wygrał nagrode puskasa Cristiano Ronaldo
36%
Kto strzelił pierwszy rzut karny w historii piłki nożnej John Heat
32%
Kto strzelił pierwszą bramkę na mistrzostwach świata w 2002 r Papa boube diop
32%
Kto za asystował pierwsza bramkę w ćwierćfinale ligi mistrzów w 2001 r. Stefan effenberg
28%
Jaki stadion był stworzony pierwszy na świecie? The Oval
28%
Kto był pierwszym laureatem złotej piłki Stanley Matthews
25%
Ile razy Cristiano Ronaldo zrobił SII w swojej karierze 160-240
23%
Kto strzelił pierwszą bramkę finału mistrzostw świata w 1930r Pablo Dorada
13%
Kto podniósł puchar ligi mistrzów w 2004 r. Jorge Costa
11%
Kto strzelił pierwszą bramkę na mistrzostwach świata 2006 r Paulo Wanchope'a
11%
Kto strzelił najwięcej bramek w 1946r. Stanisława Maruszczyka
11%
Nie znaleziono quizów pasujących do podanych kryteriów
Rozkład punktacji
Procent ludzi z każdym wynikiem
Percentyl według liczby udzielonych odpowiedzi
Twoja historia wyników
Nie rozwiązałeś tego quizu